000 00789nam a22002297a 4500
999 _c64849
_d64849
005 20240530110754.0
008 181226s2017 ua g 000 e ara d
017 _a2016/22537
_bمصر. دار الكتب
020 _a9789770933954
040 _aEG-CaGPL
_cEG-CaGPL
082 0 4 _221
_a814.008 /
_bأ ل
100 0 _aاحمد خالد توفيق
245 1 2 _aاللغز وراء السطور :
_bاحاديث من مطبخ الكتابة /
_cاحمد خالد توفيق
250 _aط.2
260 _aالقاهرة :
_bدار الشروق ،
_c2017.
300 _a228 ص. ؛
_c19 سم.
650 0 7 _2qrmak
_aالادب العربى
650 0 7 _2qrmak
_aالمقالات العربية
651 _2qrmak
942 _2ddc
_cBK